00799nam a22002177a 450000100060000000300090000600500170001500800410003204000380007308200210011110000220013224501970015425000120035126000470036330000300041050400410044052600080048165000230048965000410051265000280055315316BD-DhUAP20200209124229.0200209t2007 bg ad b 000 0 eng d aBD-DhUAPbEngcBD-DhUAPdBD-DhUAP00a346.0175 SHA223 aSharma, Abhijeet. aGuide to DNA tests in paternity determination & criminal investigation : cwith guidelines and reports and full text of the important court judgements on the subject etc... /bAbhijeet Sharma. a1st ed. aNew Delhi : bWadhwa and Company,cc2007. alix, 1141 pages ;c25 cm. aIncludes bibliographical references. aSOL aPaternity testing  afingerprinting--Law and legislation  aCriminal investigation.